[Event "IIFL Wealth 4th Mumbai GM"]
[Site "Mumbai"]
[Date "2018.12.30"]
[Round "1"]
[White "Navalgund, Niranjan"]
[Black "Ahsan, Ali Jewel"]
[Result "1-0"]
[WhiteElo "2240"]
[BlackElo "1363"]
[Annotator "NA"]
[PlyCount "95"]
[EventDate "2018.12.30"]
[EventType "swiss"]
[EventCountry "IND"]
[SourceTitle "playchess.com"]
[Source "ChessBase"]
[SourceQuality "1"]
[TimeControl "40/5400+30:1800+30"]

1. d4 {[%emt 0:00:00]} Nf6 {[%emt 0:00:00]} 2. c4 {[%emt 0:00:00]} d6 {[%emt 0:00:18]} 3. Nc3 {[%emt 0:00:00]} d5 {[%emt 0:01:08]} 4. cxd5 {[%emt 0:00:00]} Nxd5 {[%emt 0:00:22]} 5. e4 {[%emt 0:00:00]} Nxc3 {[%emt 0:01:07]} 6. bxc3 {[%emt 0:00:00]} b6 {[%emt 0:01:12]} 7. Bb5+ {[%emt 0:00:21]} Bd7 {[%emt 0:00:45]} 8. Bc4 {[%emt 0:00:58]} e6 {[%emt 0:00:42]} 9. Nf3 {[%emt 0:00:05]} Be7 {[%emt 0:01:40]} 10. O-O {[%emt 0:00:04]} O-O {[%emt 0:00:21]} 11. Ne5 {[%emt 0:00:59]} Nc6 {[%emt 0:02:00]} 12. Nxd7 {[%emt 0:00:20]} Qxd7 {[%emt 0:01:43]} 13. Qg4 {[%emt 0:00:02]} Kh8 {[%emt 0:03:58]} 14. Be3 {[%emt 0:03:35]} Na5 {[%emt 0:02:27]} 15. Bd3 {[%emt 0:00:36]} f5 {[%emt 0:02:18]} 16. exf5 {[%emt 0:03:43]} exf5 {[%emt 0:01:57]} 17. Qh3 {[%emt 0:00:40]} h6 {[%emt 0:04:04]} 18. Rfe1 {[%emt 0:01:06]} Rad8 {[%emt 0:02:52]} 19. Bxh6 {[%emt 0:01:19]} Kg8 {[%emt 0:16:38]} 20. Bf4 {[%emt 0:00:26]} Bd6 {[%emt 0:02:14]} 21. Bg5 {[%emt 0:00:13]} Rc8 {[%emt 0:05:55]} 22. Rad1 {[%emt 0:01:52]} g6 {[%emt 0:04:44]} 23. Qh6 {[%emt 0:05:19]} Qh7 {[%emt 0:02:07]} 24. Qxh7+ {[%emt 0:04:55]} Kxh7 {[%emt 0:00:26]} 25. Re6 {[%emt 0:00:27]} Rf7 {[%emt 0:03:11]} 26. Rde1 {[%emt 0:00:45]} Kg7 {[%emt 0:02:28]} 27. R1e3 {[%emt 0:00:53]} Rh8 {[%emt 0:01:55]} 28. h4 {[%emt 0:00:03]} Nc6 {[%emt 0:02:53]} 29. Bb5 {[%emt 0:03:33]} Nb8 {[%emt 0:01:00]} 30. Be8 {[%emt 0:00:36]} f4 {[%emt 0:02:55]} 31. R3e4 {[%emt 0:00:36]} Rxe8 {[%emt 0:06:00]} 32. Rxe8 {[%emt 0:00:03]} Nd7 {[%emt 0:02:04]} 33. R4e6 {[%emt 0:05:28]} Nf8 {[%emt 0:01:27]} 34. Re1 {[%emt 0:00:44]} f3 {[%emt 0:00:44]} 35. Be7 {[%emt 0:00:18]} fxg2 {[%emt 0:02:56]} 36. Bxd6 {[%emt 0:00:18]} cxd6 {[%emt 0:01:44]} 37. Kxg2 {[%emt 0:00:08]} Rd7 {[%emt 0:01:42]} 38. R1e7+ {[%emt 0:00:08]} Rxe7 {[%emt 0:00:15]} 39. Rxe7+ {[%emt 0:00:02]} Kf6 {[%emt 0:00:29]} 40. Rxa7 {[%emt 0:00:00]} Ne6 {[%emt 0:00:00]} 41. Rb7 {[%emt 0:00:25]} Nf4+ {[%emt 0:01:05]} 42. Kf3 {[%emt 0:00:02]} Nd5 {[%emt 0:02:26]} 43. c4 {[%emt 0:00:02]} Nc3 {[%emt 0:00:58]} 44. Rxb6 {[%emt 0:00:03]} Ke7 {[%emt 0:00:48]} 45. c5 {[%emt 0:00:06]} dxc5 {[%emt 0:00:39]} 46. dxc5 {[%emt 0:00:02]} Kd7 {[%emt 0:01:13]} 47. Rxg6 {[%emt 0:00:04]} Nxa2 {[%emt 0:00:37]} 48. h5 {[%emt 0:00:02]} 1-0

[Event "IIFL Wealth 4th Mumbai GM"]
[Site "Mumbai"]
[Date "2018.12.30"]
[Round "1"]
[White "Mohite, Ranveer"]
[Black "Kafle, Binod"]
[Result "1-0"]
[WhiteElo "2236"]
[BlackElo "1191"]
[Annotator "NA"]
[PlyCount "53"]
[EventDate "2018.12.30"]
[EventType "swiss"]
[EventCountry "IND"]
[SourceTitle "playchess.com"]
[Source "ChessBase"]
[SourceQuality "1"]
[TimeControl "40/5400+30:1800+30"]

1. e4 {[%emt 0:00:17]} e5 {[%emt 0:00:00]} 2. Nf3 {[%emt 0:00:07]} Nc6 {[%emt 0:00:14]} 3. Bb5 {[%emt 0:00:04]} f6 {[%emt 0:01:12]} 4. O-O {[%emt 0:00:38]} Bc5 {[%emt 0:00:54]} 5. c3 {[%emt 0:00:02]} a6 {[%emt 0:01:11]} 6. Bc4 {[%emt 0:01:34]} d6 {[%emt 0:01:39]} 7. d4 {[%emt 0:02:24]} exd4 {[%emt 0:02:26]} 8. cxd4 {[%emt 0:03:18]} Ba7 {[%emt 0:01:09]} 9. h3 {[%emt 0:05:19]} Bd7 {[%emt 0:02:28]} 10. Re1 {[%emt 0:01:12]} Qe7 {[%emt 0:02:48]} 11. Nc3 {[%emt 0:05:10]} Nb4 {[%emt 0:03:57]} 12. Bxg8 {[%emt 0:03:32]} Rxg8 {[%emt 0:01:15]} 13. Qb3 {[%emt 0:00:01]} O-O-O {[%emt 0:04:23]} 14. Qxb4 {[%emt 0:00:06]} Bc6 {[%emt 0:01:56]} 15. Be3 {[%emt 0:02:03]} Bxe4 {[%emt 0:02:42]} 16. Bd2 {[%emt 0:02:02]} f5 {[%emt 0:03:58]} 17. Bg5 {[%emt 0:00:06]} Qf7 {[%emt 0:01:05]} 18. Bxd8 {[%emt 0:00:35]} Rxd8 {[%emt 0:00:38]} 19. Nxe4 {[%emt 0:00:11]} fxe4 {[%emt 0:00:29]} 20. Rxe4 {[%emt 0:00:02]} Bb6 {[%emt 0:03:03]} 21. a4 {[%emt 0:00:53]} a5 {[%emt 0:01:17]} 22. Qb5 {[%emt 0:00:19]} d5 {[%emt 0:01:33]} 23. Re3 {[%emt 0:00:49]} Kb8 {[%emt 0:02:36]} 24. Rae1 {[%emt 0:00:14]} Ka7 {[%emt 0:02:12]} 25. b4 {[%emt 0:00:12]} c6 {[%emt 0:00:20]} 26. Qd3 {[%emt 0:00:10]} Bc7 {[%emt 0:01:16]} 27. Re7 {[%emt 0:00:56]} 1-0

[Event "IIFL Wealth 4th Mumbai GM"]
[Site "Mumbai"]
[Date "2018.12.30"]
[Round "1"]
[White "Praveen Kumar C"]
[Black "Aleksandrov, Aleksej"]
[Result "0-1"]
[WhiteElo "2233"]
[BlackElo "2590"]
[Annotator "ChessBase"]
[PlyCount "58"]
[EventDate "2018.12.30"]
[EventType "swiss"]
[EventCountry "IND"]
[SourceTitle "playchess.com"]
[Source "ChessBase"]
[SourceQuality "1"]
[TimeControl "40/5400+30:1800+30"]

1. d4 {[%emt 0:00:00]} Nf6 {[%emt 0:00:00]} 2. c4 {[%emt 0:00:00]} e6 {[%emt 0:00:00]} 3. g3 {[%emt 0:00:00]} d5 {[%emt 0:00:00]} 4. Nf3 {[%emt 0:00:00]} dxc4 {[%emt 0:00:00]} 5. Bg2 {[%emt 0:00:38]} Nc6 {[%emt 0:00:00]} 6. Qa4 {[%emt 0:01:05]} Nd5 {[%emt 0:02:01]} 7. Qxc4 {[%emt 0:00:44]} Nb6 {[%emt 0:00:04]} 8. Qb5 {[%emt 0:00:58]} a6 {[%emt 0:01:29]} 9. Qd3 {[%emt 0:05:09]} e5 {[%emt 0:00:15]} 10. O-O {[%emt 0:14:50]} exd4 {[%emt 0:06:45]} 11. Rd1 {[%emt 0:09:50]} Bc5 {[%emt 0:00:42]} 12. a3 {[%emt 0:05:54]} O-O {[%emt 0:00:30]} 13. Nbd2 {[%emt 0:01:35]} Be7 {[%emt 0:05:25]} 14. Nb3 {[%emt 0:10:00]} Bf6 {[%emt 0:05:01]} 15. Qc2 {[%emt 0:13:03]} Be6 {[%emt 0:17:06]} 16. Nc5 {[%emt 0:04:52]} Qc8 {[%emt 0:15:25]} 17. Nxb7 {[%emt 0:02:13]} Qxb7 {[%emt 0:00:11]} 18. Ng5 {[%emt 0:00:18]} Bxg5 {[%emt 0:00:03]} 19. Bxc6 {[%emt 0:00:12]} Bb3 {[%emt 0:00:35]} 20. Qe4 {[%emt 0:02:33]} Rae8 {[%emt 0:07:00]} 21. Bxb7 {[%emt 0:04:00]} Rxe4 {[%emt 0:02:24]} 22. Bxe4 {[%emt 0:01:06]} Bxd1 {[%emt 0:00:30]} 23. Bxg5 {[%emt 0:00:08]} Bxe2 {[%emt 0:00:58]} 24. Rc1 {[%emt 0:00:23]} h6 {[%emt 0:06:18]} 25. Bf4 {[%emt 0:02:55]} g5 {[%emt 0:16:36]} 26. Bd2 {[%emt 0:00:43]} Nc4 {[%emt 0:04:32]} 27. Bb4 {[%emt 0:02:39]} Rd8 {[%emt 0:04:19]} 28. b3 {[%emt 0:03:56]} c5 {[%emt 0:00:57]} 29. Bxc5 {[%emt 0:02:07]} Nd2 {[%emt 0:00:18]} 0-1

[Event "IIFL Wealth 4th Mumbai GM"]
[Site "Mumbai"]
[Date "2018.12.30"]
[Round "1"]
[White "Bhambure, Shantanu"]
[Black "Stupak, Kirill"]
[Result "0-1"]
[WhiteElo "2223"]
[BlackElo "2557"]
[Annotator "TA"]
[PlyCount "94"]
[EventDate "2018.12.30"]
[EventType "swiss"]
[EventCountry "IND"]
[SourceTitle "playchess.com"]
[Source "ChessBase"]
[SourceQuality "1"]

{[%evp 20,94,41,41,40,41,50,58,58,31,27,32,36,21,35,37,39,39,51,28,50,22,23,25,51,0,0,-10,-9,-21,-27,-59,-51,-56,-49,-52,-52,-45,-39,-145,-145,-144,-148,-137,-137,-137,-139,-134,-135,-150,-144,-165,-156,-162,-153,-161,-156,-208,-208,-202,-210,-212,-216,-211,-209,-322,-322,-322,-322,-322,-322,-315,-299,-393,-381,-2032,-1993]} 1. d4 Nf6 2. c4 b6 3. Nc3 Bb7 4. Nf3 e6 5. a3 Be7 6. d5 O-O 7. e4 exd5 8. cxd5 Re8 9. Bd3 c6 10. O-O cxd5 11. exd5 {LiveBook: 12 Games} h6 {E12: Queen's Indian: Unusual White 4th moves, 4 a3, 4 Nc3 Bb7 5 a3 and 4 Nc3 Bb7} (11... Na6 12. Bf4 Bf8 13. Rc1 Rc8 14. Bg5 h6 15. Bh4 Nc7 16. Bc4 Ba6 17. Bxa6 Nxa6 18. b4 Nc7 19. Qd4 {0-1 (50) Braun,A (2554)-Adly,A (2631) Shenzhen 2011}) 12. Bc2 Na6 13. Bf4 Bf8 $146 {White is slightly better.} ({Predecessor:} 13... d6 14. Ba4 Rf8 15. Nd4 Nc5 16. Bc2 Nxd5 17. Nxd5 Bxd5 18. Nf5 Ne6 19. Nxh6+ gxh6 20. Qd3 f5 21. Qxd5 {1-0 (21) Jankovic,A (2348)-Karer,G (2123) Nova Gorica 2003}) 14. Qd2 Nc7 {[%cal Rc7d5]} 15. Bb3 d6 16. Rfe1 Qd7 17. h3 Rxe1+ 18. Rxe1 Re8 19. Rc1 Rc8 20. Qd3 Ba6 21. Qd4 Qf5 22. Bc2 (22. Be3 $14) 22... Qh5 $11 {[%cal Rc7d5]} 23. Qa4 Nfxd5 24. Nxd5 Qxd5 25. Be4 Qb5 $1 {[%cal Rb5a4]} 26. Qxb5 Nxb5 27. Rd1 Nc7 28. Bg3 Ne6 29. Nd4 {[#]} (29. Rd2 $15) 29... Nxd4 $1 $17 30. Rxd4 Rc1+ 31. Kh2 Rc4 32. Rxc4 Bxc4 {[%mdl 4096] Endgame KBB-KBB} 33. Bc2 d5 {[%cal Bd6d5,Bd5d4,Bd4d3][%mdl 32]} 34. Bb8 a5 35. Kg3 d4 36. Bd1 d3 37. Bf4 b5 38. b3 (38. Bd2 $17 {was called for.}) 38... Bd5 $19 ({Less strong is} 38... Bxa3 39. bxc4 bxc4 40. Bd2 $15) 39. a4 g5 40. Bc7 bxa4 41. bxa4 Bb4 42. h4 (42. f4 {keeps fighting.}) 42... gxh4+ 43. Kxh4 Bxg2 44. Kg3 Bf1 {[#] aiming for ...Be2.} 45. Kf3 h5 {[%cal Bh6h5,Bh5h4][%mdl 32]} 46. Ke3 h4 47. Kd4 $2 (47. f3 Kg7 48. Kf2) 47... Be2 {Precision: White = 28%, Black = 82%.} 0-1

[Event "IIFL Wealth 4th Mumbai GM"]
[Site "Mumbai"]
[Date "2018.12.30"]
[Round "1"]
[White "Mehdi Hasan Parag"]
[Black "Deepan Chakkravarthy J."]
[Result "0-1"]
[WhiteElo "2218"]
[BlackElo "2550"]
[Annotator "ChessBase"]
[PlyCount "102"]
[EventDate "2018.12.30"]
[EventType "swiss"]
[EventCountry "IND"]
[SourceTitle "playchess.com"]
[Source "ChessBase"]
[SourceQuality "1"]
[TimeControl "40/5400+30:1800+30"]

1. e4 {[%emt 0:00:00]} e5 {[%emt 0:00:00]} 2. Nf3 {[%emt 0:00:00]} Nc6 {[%emt 0:00:00]} 3. Bc4 {[%emt 0:00:04]} Nf6 {[%emt 0:00:00]} 4. d3 {[%emt 0:00:14]} h6 {[%emt 0:00:00]} 5. a4 {[%emt 0:00:35]} Bc5 {[%emt 0:00:58]} 6. O-O {[%emt 0:00:19]} d6 {[%emt 0:00:16]} 7. c3 {[%emt 0:01:02]} a6 {[%emt 0:00:07]} 8. Re1 {[%emt 0:00:09]} Ba7 {[%emt 0:00:06]} 9. Nbd2 {[%emt 0:00:12]} g5 {[%emt 0:00:06]} 10. Nf1 {[%emt 0:05:34]} g4 {[%emt 0:00:12]} 11. N3d2 {[%emt 0:02:26]} h5 {[%emt 0:00:01]} 12. Nb3 {[%emt 0:00:40]} Rg8 {[%emt 0:16:37]} 13. Be3 {[%emt 0:02:17]} Bxe3 {[%emt 0:02:30]} 14. Rxe3 {[%emt 0:01:45]} h4 {[%emt 0:00:11]} 15. d4 {[%emt 0:03:41]} Nh5 {[%emt 0:06:18]} 16. Bd5 {[%emt 0:07:04]} Qg5 {[%emt 0:03:19]} 17. Bxc6+ {[%emt 0:02:30]} bxc6 {[%emt 0:00:02]} 18. dxe5 {[%emt 0:00:20]} Qxe5 {[%emt 0:00:03]} 19. Qd4 {[%emt 0:05:12]} Rg5 {[%emt 0:00:06]} 20. Qxe5+ {[%emt 0:01:50]} Rxe5 {[%emt 0:00:03]} 21. Nbd2 {[%emt 0:08:27]} Rb8 {[%emt 0:13:33]} 22. b3 {[%emt 0:01:41]} Be6 {[%emt 0:01:45]} 23. c4 {[%emt 0:03:12]} a5 {[%emt 0:00:28]} 24. Rae1 {[%emt 0:05:08]} Kd7 {[%emt 0:05:38]} 25. f3 {[%emt 0:02:16]} g3 {[%emt 0:03:06]} 26. hxg3 {[%emt 0:04:24]} hxg3 {[%emt 0:00:02]} 27. Nxg3 {[%emt 0:01:26]} Nxg3 {[%emt 0:00:42]} 28. f4 {[%emt 0:00:09]} Nf5 {[%emt 0:08:46]} 29. Rf3 {[%emt 0:11:58]} Nh4 {[%emt 0:06:18]} 30. fxe5 {[%emt 0:00:20]} Nxf3+ {[%emt 0:00:03]} 31. gxf3 {[%emt 0:00:48]} dxe5 {[%emt 0:00:05]} 32. Kf2 {[%emt 0:02:42]} Kd6 {[%emt 0:01:30]} 33. Rh1 {[%emt 0:01:46]} Kc5 {[%emt 0:00:46]} 34. Ke3 {[%emt 0:00:03]} Rd8 {[%emt 0:03:37]} 35. Rh5 {[%emt 0:04:34]} Kb4 {[%emt 0:00:02]} 36. Rxe5 {[%emt 0:00:54]} Kc3 {[%emt 0:00:01]} 37. Nf1 {[%emt 0:01:00]} Kxb3 {[%emt 0:10:54]} 38. Rxa5 {[%emt 0:00:23]} Kxc4 {[%emt 0:00:49]} 39. Ra7 {[%emt 0:01:37]} c5 {[%emt 0:17:42]} 40. Nd2+ {[%emt 0:00:00]} Kc3 {[%emt 0:00:00]} 41. Nb1+ {[%emt 0:06:27]} Kc2 {[%emt 0:03:32]} 42. Rxc7 {[%emt 0:05:41]} Kxb1 {[%emt 0:13:31]} 43. Rxc5 {[%emt 0:00:08]} Kb2 {[%emt 0:00:04]} 44. f4 {[%emt 0:04:45]} Kb3 {[%emt 0:00:06]} 45. f5 {[%emt 0:00:42]} Bc4 {[%emt 0:00:08]} 46. Kf4 {[%emt 0:03:29]} Rd4 {[%emt 0:03:41]} 47. a5 {[%emt 0:02:39]} Kb4 {[%emt 0:02:33]} 48. Rc7 {[%emt 0:00:38]} Rd6 {[%emt 0:00:09]} 49. e5 {[%emt 0:04:42]} Ra6 {[%emt 0:00:05]} 50. e6 {[%emt 0:01:50]} fxe6 {[%emt 0:00:04]} 51. f6 {[%emt 0:00:15]} Rxa5 {[%emt 0:00:15]} 0-1

[Event "IIFL Wealth 4th Mumbai GM"]
[Site "Mumbai"]
[Date "2018.12.30"]
[Round "1"]
[White "Srija, Seshadri"]
[Black "Tran, Tuan Minh"]
[Result "0-1"]
[WhiteElo "2210"]
[BlackElo "2524"]
[Annotator "TA"]
[PlyCount "62"]
[EventDate "2018.12.30"]
[EventType "swiss"]
[EventCountry "IND"]
[SourceTitle "playchess.com"]
[Source "ChessBase"]
[SourceQuality "1"]

{[%evp 23,62,0,7,-39,-41,-39,-13,-14,-9,-26,-18,-33,12,-40,-39,-67,-18,-66,-66,-74,-71,-128,-118,-120,-127,-164,-160,-163,-145,-375,-353,-437,-477,-465,-461,-540,-520,-29986,-29987,-29996,-29997]} 1. e4 c5 2. Nf3 d6 3. d4 cxd4 4. Nxd4 Nf6 5. Nc3 a6 6. Be2 e5 7. Nb3 Be7 8. Bg5 Be6 9. Bxf6 Bxf6 10. Qd3 {B92: Sicilian Najdorf: 6 Be2} Be7 11. Nd5 Nd7 12. Rd1 Bxd5 {LiveBook: 16 Games} 13. exd5 $146 ({Predecessor:} 13. Qxd5 Qc7 14. c3 Nf6 15. Qd3 O-O 16. O-O Rfd8 17. Bf3 b5 {0-1 (71) Ponomariov,R (2694)-Salem,A (2638) Riadh 2017}) 13... O-O 14. O-O a5 15. a4 f5 16. f4 g6 17. Qb5 Qc7 18. Rf3 (18. fxe5 $11 Nxe5 19. Nd4) 18... Bf6 $15 19. fxe5 Bxe5 (19... Nxe5 {is more complex.} 20. Re3 Bg5 21. Rg3 Qe7 22. Nd4 Ng4) 20. Nd4 Bxd4+ 21. Rxd4 Rae8 22. Bf1 (22. c3 $142) 22... Re1 $17 23. c3 Nc5 24. b4 axb4 25. Rxb4 Rfe8 26. g4 $2 (26. Rb1 $17) 26... Qe7 27. gxf5 Qg5+ {[%mdl 64] [#] Double Attack} 28. Kh1 R8e3 29. h4 Qh6 ({Inferior is} 29... Rxf3 30. hxg5 Rfxf1+ 31. Kg2 $11) 30. Rff4 (30. Rbf4 $19 Rxf3 {[%mdl 64] Overworked Piece} 31. Rxf3 Qxh4+ {[%mdl 64] Double Attack} 32. Kg1 Qg4+ 33. Kf2) 30... Nd3 31. Rbc4 {[#]} Qxh4+ $1 {[%mdl 576] Back Rank. Accuracy: White = 15%, Black = 61%.} 0-1

[Event "IIFL Wealth 4th Mumbai GM"]
[Site "Mumbai"]
[Date "2018.12.30"]
[Round "1"]
[White "Aaryan Varshney"]
[Black "Movsziszian, Karen"]
[Result "1-0"]
[WhiteElo "2200"]
[BlackElo "2505"]
[Annotator "ChessBase"]
[PlyCount "42"]
[EventDate "2018.12.30"]
[EventType "swiss"]
[EventCountry "IND"]
[SourceTitle "playchess.com"]
[Source "ChessBase"]
[SourceQuality "1"]
[TimeControl "40/5400+30:1800+30"]

1. d4 {[%emt 0:00:00]} d6 {[%emt 0:00:00]} 2. e4 {[%emt 0:00:00]} g6 {[%emt 0:00:00]} 3. Nc3 {[%emt 0:00:00]} Bg7 {[%emt 0:00:00]} 4. Nf3 {[%emt 0:00:00]} a6 {[%emt 0:00:16]} 5. a4 {[%emt 0:00:04]} b6 {[%emt 0:00:57]} 6. Bd3 {[%emt 0:01:44]} Nc6 {[%emt 0:08:40]} 7. Be3 {[%emt 0:04:07]} Nf6 {[%emt 0:05:31]} 8. h3 {[%emt 0:02:53]} e5 {[%emt 0:10:08]} 9. dxe5 {[%emt 0:04:55]} dxe5 {[%emt 0:00:02]} 10. Bc4 {[%emt 0:00:45]} Bd7 {[%emt 0:18:35]} 11. O-O {[%emt 0:01:42]} O-O {[%emt 0:05:09]} 12. Qd2 {[%emt 0:02:28]} Qc8 {[%emt 0:02:31]} 13. Rfd1 {[%emt 0:04:27]} Re8 {[%emt 0:12:57]} 14. Ng5 {[%emt 0:02:24]} Nd8 {[%emt 0:00:49]} 15. Nd5 {[%emt 0:02:02]} Be6 {[%emt 0:04:05]} 16. Nxf6+ {[%emt 0:01:48]} Bxf6 {[%emt 0:00:04]} 17. Nxe6 {[%emt 0:00:12]} Nxe6 {[%emt 0:00:02]} 18. Qd7 {[%emt 0:04:44]} Qb8 {[%emt 0:00:03]} 19. Qc6 {[%emt 0:03:22]} Re7 {[%emt 0:00:01]} 20. Bd5 {[%emt 0:00:59]} Ra7 {[%emt 0:00:05]} 21. a5 {[%emt 0:00:22]} Qd8 1-0

[Event "IIFL Wealth 4th Mumbai GM"]
[Site "Mumbai"]
[Date "2018.12.30"]
[Round "1"]
[White "Banerjee, Sushant"]
[Black "Visakh N R"]
[Result "0-1"]
[WhiteElo "2198"]
[BlackElo "2491"]
[Annotator "TA"]
[PlyCount "72"]
[EventDate "2018.12.30"]
[EventType "swiss"]
[EventCountry "IND"]
[SourceTitle "playchess.com"]
[Source "ChessBase"]
[SourceQuality "1"]

{[%evp 11,72,-46,-14,-16,-12,-65,-48,-64,-17,-26,-34,-46,-52,-104,-78,-59,-76,-102,-100,-115,-97,-155,-147,-112,-112,-230,-211,-279,-283,-452,-444,-610,-614,-609,-612,-609,-604,-600,-585,-927,-919,-888,-870,-908,-899,-2118,-2011,-1500,-1175,-1188,-1187,-29991,-29988,-29988,-29989,-29991,-29990,-29990,-29991,-29997,-29998,-29998,-29999]} 1. e4 c5 2. d4 cxd4 3. c3 dxc3 4. Nxc3 e6 5. Nf3 a6 6. Bc4 Ne7 {LiveBook: 20 Games. B21: Sicilian: 2 f4 and Morra Gambit} (6... Nc6 7. O-O Nge7 8. Bg5 h6 9. Be3 Ng6 10. Nd4 Be7 11. f4 O-O 12. Qh5 Nxd4 13. Bxd4 Qc7 14. Bd3 Nxf4 15. Qg4 Ng6 16. e5 Nxe5 {0-1 (32) Moiseenko,V (2517)-Alekseev,E (2627) Yaroslavl 2018}) 7. O-O Ng6 8. e5 (8. Bg5 $11 Qc7 9. Rc1) 8... Nc6 $15 {Black is slightly better.} 9. Re1 d5 $146 ({Predecessor:} 9... Be7 10. b3 b5 11. Bd3 Bb7 12. Bb2 Nb4 13. Be4 Bxe4 14. Nxe4 Nd5 15. Rc1 O-O 16. Qd4 Qb6 17. Qxb6 Nxb6 18. Rc7 Nf4 19. Rd1 Nfd5 20. Bd4 Nxc7 21. Bxb6 Nd5 {0-1 (21) Vichik,A (1482)-Chalissery,J (1723) San Francisco 2014}) 10. exd6 Bxd6 11. Qe2 O-O 12. Bg5 (12. Be3 $15) 12... Qc7 13. Rac1 Nge5 14. Ne4 Nxf3+ {[%mdl 64] Discovered Attack} 15. Qxf3 Bxh2+ 16. Kh1 {[#]} (16. Kf1 $142) 16... Be5 $1 $17 17. b4 Bb2 {Strongly threatening ...Nd4.} 18. Bd3 (18. Rb1 $17 Be5 19. Rec1) 18... f5 19. Rc2 Be5 (19... fxe4 20. Qxe4 Rf5 21. f4 $15) 20. Rxc6 (20. Nd2 {was necessary.}) 20... Qxc6 $19 ({Less strong is} 20... bxc6 21. Nc5 $19) 21. Qh3 h6 {[%cal Bh7h6,Bh6g5,Bg5g4][%mdl 32]} 22. Nc5 hxg5 23. Rxe5 b6 24. Nb3 Bb7 25. Be2 g4 26. Qg3 Rad8 27. b5 axb5 28. Bxb5 Rd1+ 29. Kh2 Qd6 {[#] And now ...Rf6 would win.} 30. Bc4 Rf6 {( -> ...Rh6+)} 31. Qc3 Rh6+ {Black mates.} 32. Kg3 g5 33. f4 gxf3 34. gxf3 Rdh1 35. Kg2 R6h2+ 36. Kg3 f4+ {Accuracy: White = 24%, Black = 93%.} 0-1

[Event "IIFL Wealth 4th Mumbai GM"]
[Site "Mumbai"]
[Date "2018.12.30"]
[Round "1"]
[White "Phadke Sohan"]
[Black "Rahman, Ziaur"]
[Result "*"]
[WhiteElo "2191"]
[BlackElo "2468"]
[Annotator "ChessBase"]
[PlyCount "32"]
[EventDate "2018.12.30"]
[EventType "swiss"]
[EventCountry "IND"]
[SourceTitle "playchess.com"]
[Source "ChessBase"]
[SourceQuality "1"]
[TimeControl "40/5400+30:1800+30"]

1. e4 {[%emt 0:01:40]} g6 {[%emt 0:02:39]} 2. d4 {[%emt 0:00:15]} Bg7 {[%emt 0:00:15]} 3. Nc3 {[%emt 0:00:18]} d6 {[%emt 0:00:52]} 4. f4 {[%emt 0:01:31]} Nf6 {[%emt 0:03:48]} 5. Nf3 {[%emt 0:00:29]} O-O {[%emt 0:02:49]} 6. Be3 {[%emt 0:07:54]} b6 {[%emt 0:01:09]} 7. Qd2 {[%emt 0:00:34]} Bb7 {[%emt 0:02:53]} 8. Bd3 {[%emt 0:08:41]} c5 {[%emt 0:02:19]} 9. e5 {[%emt 0:22:00]} cxd4 {[%emt 0:07:04]} 10. Bxd4 {[%emt 0:00:28]} dxe5 {[%emt 0:00:55]} 11. fxe5 {[%emt 0:00:41]} Ne8 {[%emt 0:11:57]} 12. Qe3 {[%emt 0:13:24]} Nc6 {[%emt 0:05:22]} 13. Rd1 {[%emt 0:01:24]} Nxd4 {[%emt 0:03:48]} 14. Nxd4 {[%emt 0:00:11]} Qc7 {[%emt 0:06:51]} 15. Nf3 {[%emt 0:09:53]} Bxf3 {[%emt 0:05:18]} 16. Qxf3 {[%emt 0:00:19]} Rd8 {[%emt 0:00:35]} *

[Event "IIFL Wealth 4th Mumbai GM"]
[Site "Mumbai"]
[Date "2018.12.30"]
[Round "1"]
[White "Phadke Sohan"]
[Black "Rahman, Ziaur"]
[Result "0-1"]
[WhiteElo "2191"]
[BlackElo "2468"]
[Annotator "ChessBase"]
[PlyCount "74"]
[EventDate "2018.12.30"]
[EventType "swiss"]
[EventCountry "IND"]
[SourceTitle "playchess.com"]
[Source "ChessBase"]
[SourceQuality "1"]
[TimeControl "40/5400+30:1800+30"]

1. e4 {[%emt 0:01:40]} g6 {[%emt 0:02:39]} 2. d4 {[%emt 0:00:15]} Bg7 {[%emt 0:00:15]} 3. Nc3 {[%emt 0:00:18]} d6 {[%emt 0:00:52]} 4. f4 {[%emt 0:01:31]} Nf6 {[%emt 0:03:48]} 5. Nf3 {[%emt 0:00:29]} O-O {[%emt 0:02:49]} 6. Be3 {[%emt 0:07:54]} b6 {[%emt 0:01:09]} 7. Qd2 {[%emt 0:00:34]} Bb7 {[%emt 0:02:53]} 8. Bd3 {[%emt 0:08:41]} c5 {[%emt 0:02:19]} 9. e5 {[%emt 0:22:00]} cxd4 {[%emt 0:07:04]} 10. Bxd4 {[%emt 0:00:28]} dxe5 {[%emt 0:00:55]} 11. fxe5 {[%emt 0:00:41]} Ne8 {[%emt 0:11:57]} 12. Qe3 {[%emt 0:13:24]} Nc6 {[%emt 0:05:22]} 13. O-O-O {[%emt 0:01:24]} Nxd4 {[%emt 0:03:48]} 14. Nxd4 {[%emt 0:00:11]} Qc7 {[%emt 0:06:51]} 15. Nf3 {[%emt 0:09:53]} Bxf3 {[%emt 0:05:18]} 16. Qxf3 {[%emt 0:00:19]} Rd8 {[%emt 0:00:35]} 17. Rhe1 {[%emt 0:05:50]} e6 {[%emt 0:09:25]} 18. Qe3 {[%emt 0:01:59]} Qe7 {[%emt 0:01:29]} 19. Qf4 {[%emt 0:09:40]} Nc7 {[%emt 0:03:17]} 20. h4 {[%emt 0:00:18]} Nd5 {[%emt 0:01:11]} 21. Nxd5 {[%emt 0:00:03]} Rxd5 {[%emt 0:00:08]} 22. h5 {[%emt 0:01:07]} Rfd8 {[%emt 0:02:06]} 23. hxg6 {[%emt 0:00:08]} hxg6 {[%emt 0:00:28]} 24. Kb1 {[%emt 0:01:03]} Qc7 {[%emt 0:04:09]} 25. Qh4 {[%emt 0:00:42]} R8d7 {[%emt 0:04:02]} 26. Re4 {[%emt 0:04:47]} Rxe5 {[%emt 0:01:21]} 27. Rh1 {[%emt 0:00:09]} Rh5 {[%emt 0:02:13]} 28. Qe1 {[%emt 0:00:01]} Rxh1 {[%emt 0:00:12]} 29. Qxh1 {[%emt 0:00:01]} Qd8 {[%emt 0:00:41]} 30. g4 {[%emt 0:00:36]} Qf6 {[%emt 0:04:28]} 31. Qc1 {[%emt 0:00:04]} Rd5 {[%emt 0:00:36]} 32. a3 {[%emt 0:01:11]} Rd4 {[%emt 0:01:46]} 33. g5 {[%emt 0:01:05]} Qd8 {[%emt 0:00:06]} 34. Qe3 {[%emt 0:00:56]} Rxe4 {[%emt 0:00:50]} 35. Qxe4 {[%emt 0:00:04]} Qxg5 {[%emt 0:02:40]} 36. Qa8+ {[%emt 0:00:05]} Kh7 {[%emt 0:00:15]} 37. Qxa7 {[%emt 0:00:52]} Qg1+ {[%emt 0:00:34] c3 [%clk 0:09:03] Qd4 [%clk 0:07:13] Qxb6 [%clk 0:39:50] Qxd3+ [%clk 0:36:50]} 0-1